Dopasuj państwo do każdej stolicy - Statystyki

Ogólne statystyki
  • Ten quiz został rozwiązany 553 razy
    514 od ostatniego zresetowania
  • Średni wynik to 99 z 195
Statystyki odpowiedzi
Stolica Państwo % Poprawnych
Rzym Włochy
97%
Londyn Wielka Brytania
95%
Moskwa Rosja
94%
Watykan Watykan
94%
Sztokholm Szwecja
93%
Warszawa Polska
90%
Ateny Grecja
89%
Berlin Niemcy
89%
Oslo Norwegia
89%
Lizbona Portugalia
89%
Kijów Ukraina
89%
Madryt Hiszpania
88%
Praga Czechy
87%
Paryż Francja
87%
Amsterdam Holandia
87%
Wilno Litwa
87%
Monako Monako
87%
San Marino San Marino
87%
Luksemburg Luksemburg
86%
Dublin Irlandia
85%
Bratysława Słowacja
85%
Berno Szwajcaria
85%
Andora Andora
84%
Kopenhaga Dania
84%
Budapeszt Węgry
84%
Wiedeń Austria
83%
Mińsk Białoruś
83%
Helsinki Finlandia
83%
Reykjavik Islandia
83%
Tirana Albania
82%
Bruksela Belgia
82%
Ryga Łotwa
82%
Zagrzeb Chorwacja
81%
Sofia Bułgaria
80%
Tallinn Estonia
80%
Bukareszt Rumunia
80%
Lublana Słowenia
80%
Valletta Malta
78%
Kiszyniów Mołdawia
78%
Belgrad Serbia
76%
Sarajewo Bośnia i Hercegowina
75%
Skopje Macedonia Północna
75%
Tokio Japonia
74%
Prisztina Kosowo
73%
Pekin Chiny
71%
Vaduz Liechtenstein
71%
Jerozolima Izrael
69%
Seul Korea Południowa
69%
Singapur Singapur
69%
Ankara Turcja
68%
Pjongjang Korea Północna
66%
Bangkok Tajlandia
66%
Nikozja Cypr
64%
Nowe Delhi Indie
64%
Meksyk Meksyk
64%
Panama Panama
64%
Abu Zabi Zjednoczone Emiraty Arabskie
64%
Ottawa Kanada
63%
Brasilia Brazylia
62%
Kuwejt Kuwejt
62%
Waszyngton Stany Zjednoczone / USA
62%
Buenos Aires Argentyna
61%
Kair Egipt
61%
Hawana Kuba
60%
Hanoi Wietnam
60%
Damaszek Syria
59%
Algier Algieria
58%
Tbilisi Gruzja
58%
Ułan Bator Mongolia
58%
Gwatemala Gwatemala
57%
Bagdad Irak
57%
Teheran Iran
57%
Sri DźajawardanapuraKotte Sri Lanka
57%
Tajpej Tajwan
57%
Kabul Afganistan
56%
Dżakarta Indonezja
56%
Lima Peru
56%
Tunis Tunezja
56%
Erywań Armenia
55%
Baku Azerbejdżan
55%
Astana Kazachstan
55%
Manila Filipiny
54%
Islamabad Pakistan
54%
San Salvador Salwador
54%
Taszkent Uzbekistan
54%
Rijad Arabia Saudyjska
53%
Canberra Australia
53%
Santiago Chile
53%
Bogota Kolumbia
53%
Male Malediwy
53%
Rabat Maroko
53%
Bejrut Liban
52%
Kuala Lumpur Malezja
52%
Caracas Wenezuela
52%
Nairobi Kenia
51%
Aszchabad Turkmenistan
51%
Montevideo Urugwaj
51%
Wientian Laos
50%
Katmandu Nepal
50%
Wellington Nowa Zelandia
50%
Santo Domingo Dominikana
49%
Quito Ekwador
49%
Phnom Penh Kambodża
49%
Maskat Oman
49%
Asunción Paragwaj
49%
Biszkek Kirgistan
48%
Duszanbe Tadżykistan
48%
Amman Jordania
47%
Pretoria / Kapsztad /Bloemfontein Południowa Afryka
47%
Sucre Boliwia
46%
Sana Jemen
46%
Antananarywa Madagaskar
46%
Kingston Jamajka
45%
Doha Katar
45%
Paramaribo Surinam
44%
Dili Timor wschodni
44%
São Tomé Wyspy Świętego Tomasza i Książęca
44%
Dakar Senegal
43%
San Jose Kostaryka
42%
Port-of-Spain Trynidad i Tobago
41%
Trypolis Libia
40%
Roseau Dominika
39%
Port-au-Prince Haiti
38%
Addis Abeba Etiopia
37%
Luanda Angola
36%
Bridgetown Barbados
36%
Belmopan Belize
36%
Abudża Nigeria
36%
Castries Saint Lucia
36%
Harare Zimbabwe
36%
Dżibuti Dżibuti
35%
Naypyidaw Mjanma
35%
Victoria Seszele
35%
Suva Fidżi
34%
Mogadiszu Somalia
34%
Chartum Sudan
34%
Jamusukro Wybrzeże Kości Słoniowej
34%
Bissau Gwinea Bissau
33%
Brazzaville Kongo
33%
Niamey Niger
33%
Praia Republika ZielonegoPrzylądka
33%
Dodoma Tanzania
33%
Ndżamena Czad
32%
Lusaka Zambia
32%
Dhaka Bangladesz
31%
Jaunde Kamerun
31%
Windhuk Namibia
31%
Port Vila Vanuatu
31%
Palikir Mikronezja
30%
Maputo Mozambik
30%
Ngerulmud Palau
30%
Thimpu Bhutan
29%
Bandar Seri Begawan Brunei
29%
Georgetown Gujana
29%
Port Louis Mauritius
29%
Freetown Sierra Leone
29%
Bairiki Kiribati
28%
Tegucigalpa Honduras
27%
Bamako Mali
27%
Manama Bahrajn
26%
Managua Nikaragua
26%
Honiara Wyspy Salomona
26%
Asmara Erytrea
25%
Maseru Lesotho
25%
Monrovia Liberia
25%
Nawakszut Mauretania
25%
Akra Ghana
24%
Saint John's Antigua i Barbuda
22%
Nassau Bahamy
22%
Saint George's Grenada
22%
Malabo Gwinea Równikowa
22%
Kampala Uganda
22%
Kinszasa Demokratyczna Republika Konga
21%
Majuro Wyspy Marshalla
21%
Basseterre Saint Kitts i Nevis
20%
Kingstown Saint Vincent i Grenadyny
20%
Lomé Togo
19%
Wagadugu Burkina Faso
17%
Konakry Gwinea
17%
Port Moresby Papua-Nowa Gwinea
17%
Gaborone Botswana
16%
Yaren Nauru
16%
Kigali Rwanda
16%
Apia Samoa
16%
Funafuti Tuvalu
16%
Bandżul Gambia
15%
Dżuba Sudan Południowy
15%
Nuku'alofa Tonga
15%
Libreville Gabon
13%
Porto-Novo Benin
12%
Moroni Komory
12%
Bangi Republika Środkowoafrykańska
12%
Gitega Burundi
11%
Mbabane Eswatini
11%
Lilongwe Malawi
11%
Nie znaleziono quizów pasujących do podanych kryteriów
Rozkład punktacji
Procent ludzi z każdym wynikiem
Percentyl według liczby udzielonych odpowiedzi
Twoja historia wyników
Nie rozwiązałeś tego quizu od ostatniego zresetowania